El impacto de la cultura de lo escrito (Record no. 134974)

MARC details
000 -LEADER
fixed length control field 00782nam a22001937a 4500
005 - DATE AND TIME OF LATEST TRANSACTION
control field 20180206114312.0
008 - FIXED-LENGTH DATA ELEMENTS--GENERAL INFORMATION
fixed length control field 170622b mx ||||| |||| 00| 0 spa d
020 ## - INTERNATIONAL STANDARD BOOK NUMBER
International Standard Book Number 9789688597057
050 04 - LIBRARY OF CONGRESS CALL NUMBER
Classification number D13 .5 .M6
Item number S46 2004
111 #2 - MAIN ENTRY--MEETING NAME
Meeting name or jurisdiction name as entry element Seminario : El Impacto de la Cultura de lo Escrito en la Historia de México, siglos XVI al XX
Location of meeting Ciudad de México)
Date of meeting (2004 :
245 10 - TITLE STATEMENT
Title El impacto de la cultura de lo escrito
Statement of responsibility, etc / Valentina Torres Septién, coordinadora
250 ## - EDITION STATEMENT
Edition statement 1a, ed.
260 ## - PUBLICATION, DISTRIBUTION, ETC. (IMPRINT)
Place of publication, distribution, etc México :
Name of publisher, distributor, etc Universidad Iberoamérican, Departamento de Historia,
Date of publication, distribution, etc 2008.
300 ## - PHYSICAL DESCRIPTION
Extent 262 p. ;
Dimensions 21 cm.
650 #7 - SUBJECT ADDED ENTRY--TOPICAL TERM
Source of heading or term LEMB
Topical term or geographic name as entry element Historiografía
Geographic subdivision México
Form subdivision Congresos
651 #7 - SUBJECT ADDED ENTRY--GEOGRAPHIC NAME
Source of heading or term LEMB
Geographic name México
General subdivision Historia
Form subdivision Congresos
700 1# - ADDED ENTRY--PERSONAL NAME
Personal name Torres Septien, Valentina,
Relator term coord.
942 ## - ADDED ENTRY ELEMENTS (KOHA)
Source of classification or shelving scheme Biblioteca del Cogreso de los Estados Unidos
Koha item type Libro
Holdings
Estado de pérdida Fuente de clasificación Estado del daño No para préstamo Ubicación permanente Ubicación actual Apartado o colección Fecha de adquisición Edición Dependencia de educación superior (DES) Área del conocimiento Clasificación Código de Barras Date last seen Número de copia Tipo de recurso Nota pública
  Biblioteca del Cogreso de los Estados Unidos     Biblioteca del Instituto de Investigaciones Históricas Biblioteca del Instituto de Investigaciones Históricas General 22/06/2017 1a ed. Humanidades Educación y Humanidades D13 .5 .M6 S46 2004 IIH000016343 22/06/2017 C:1 Libro GENERAL